000 00255nam a2200097Ia 4500
082 _aST 577 REIS
245 0 _aEnvironmental biology
100 _a REISS, Michael Cambridge, 2000
_975371
942 _cBK
008 210817s9999 xx 000 0 und d
999 _c249303
_d249302